000 00685nam a2200265Ia 4500
005 20260121170028.0
008 008 260114s9999 xx 000 0 eng d
020 _a9783319494999
037 _aEBOOK
040 _aCRL
040 _beng
040 _cCRL
041 _2eng
041 _aeng
084 _qCRL
100 _aThomas Weiss, Patrik Ferrari, Herbert Spohn
_91058935
245 0 _aReflected Brownian Motions in the KPZ Universality Class
260 _bSpringer
260 _bSpringer
260 _c2017
856 _uhttps://link.springer.com/openurl?genre=book&isbn=978-3-319-49499-9
942 _cEBOOK
999 _c1624664
_d1624664